[Event "GER-chT U16 Girls"]
[Site "Magdeburg"]
[Date "2023.12.29"]
[Round "5.3"]
[White "Leuchsenring, Delia"]
[Black "Ottlik, Marie"]
[Result "0-1"]
[WhiteElo "1097"]
[BlackElo "1452"]
[PlyCount "84"]
[EventDate "2023.12.26"]
[EventType "team-swiss"]
[EventRounds "7"]
[EventCountry "GER"]
[SourceTitle "CB03_2024"]
[SourceDate "2024.01.17"]
[SourceVersion "1"]
[SourceVersionDate "2024.01.17"]
[SourceQuality "1"]
[WhiteTeam "Oberkotzau"]
[BlackTeam "Leipzig SG"]
[WhiteTeamCountry "GER"]
[BlackTeamCountry "GER"]

1. e4 c5 2. c3 Nf6 3. e5 Nd5 4. d4 cxd4 5. cxd4 d6 6. Nf3 Nc6 7. Nc3 Nb6 8. Bd3 Bg4 9. exd6 Qxd6 10. Nb5 Qd7 11. Bf4 Nd5 12. Bg3 a6 13. Nc3 Nf6 14. Be4 Nxe4 15. Nxe4 e6 16. Nc5 Bxf3 17. Nxd7 Bxd1 18. Nb6 Rd8 19. Rxd1 Bb4+ 20. Kf1 Rxd4 21. Rxd4 Nxd4 22. Be5 Nf5 23. g4 Ne7 24. h3 f6 25. Bd4 Kf7 26. Ke2 Rd8 27. Be3 Nc6 28. a3 Bd6 29. Rd1 Be5 30. Nc4 Rxd1 31. Kxd1 Bc7 32. f4 b5 33. Nd2 Ne7 34. Ke2 Nd5 35. Kf3 Nxe3 36. Kxe3 e5 37. fxe5 Bxe5 38. b3 Ke6 39. Ke4 g6 40. Nf3 Bb2 41. a4 bxa4 42. bxa4 Kd6 0-1

[Event "GER-chT U16 Girls"]
[Site "Magdeburg"]
[Date "2023.12.28"]
[Round "3.6"]
[White "Einacker, Lina"]
[Black "Leuchsenring, Delia"]
[Result "1/2-1/2"]
[WhiteElo "1193"]
[BlackElo "1097"]
[PlyCount "58"]
[EventDate "2023.12.26"]
[EventType "team-swiss"]
[EventRounds "7"]
[EventCountry "GER"]
[SourceTitle "CB03_2024"]
[SourceDate "2024.01.17"]
[SourceVersion "1"]
[SourceVersionDate "2024.01.17"]
[SourceQuality "1"]
[WhiteTeam "Hamburger SK II"]
[BlackTeam "Oberkotzau"]
[WhiteTeamCountry "GER"]
[BlackTeamCountry "GER"]

1. e4 e5 2. Nf3 Nf6 3. Nxe5 d6 4. Nf3 Nxe4 5. Bc4 d5 6. Qe2 Be6 7. Bd3 Nf6 8. c3 Bc5 9. Bf5 Qe7 10. Bxe6 fxe6 11. d4 Bd6 12. 0-0 0-0 13. Re1 Re8 14. Ng5 e5 15. dxe5 Qxe5 16. Qxe5 Rxe5 17. Rxe5 Bxe5 18. f4 Bd6 19. Na3 Bxa3 20. bxa3 Nbd7 21. Be3 Re8 22. Bd4 c5 23. Bf2 h6 24. Nf3 Ne4 25. Re1 Kf7 26. Re3 b6 27. Rd3 Ndf6 28. h3 Ke6 29. g4 g6 1/2-1/2

[Event "GER-chT U16 Girls"]
[Site "Magdeburg"]
[Date "2023.12.27"]
[Round "2.2"]
[White "Leuchsenring, Delia"]
[Black "Brandt, Clara"]
[Result "1/2-1/2"]
[WhiteElo "1097"]
[BlackElo "1267"]
[PlyCount "64"]
[EventDate "2023.12.26"]
[EventType "team-swiss"]
[EventRounds "7"]
[EventCountry "GER"]
[SourceTitle "CB03_2024"]
[SourceDate "2024.01.17"]
[SourceVersion "1"]
[SourceVersionDate "2024.01.17"]
[SourceQuality "1"]
[WhiteTeam "Oberkotzau"]
[BlackTeam "Porz SG"]
[WhiteTeamCountry "GER"]
[BlackTeamCountry "GER"]

1. e4 c6 2. d4 d5 3. exd5 cxd5 4. Nf3 Bg4 5. Bd3 Nc6 6. c3 e6 7. 0-0 Nf6 8. Nbd2 Bd6 9. h3 Bh5 10. Re1 0-0 11. Qc2 Re8 12. Ne5 Bg6 13. Nxg6 hxg6 14. Nf3 e5 15. dxe5 Nxe5 16. Nxe5 Bxe5 17. Bg5 a6 18. Rad1 Qc7 19. Re2 Nh7 20. Be3 Rad8 21. Rde1 Qc6 22. Bd2 Bc7 23. Rxe8+ Rxe8 24. Rxe8+ Qxe8 25. Be3 Nf6 26. Qb3 b5 27. Kf1 Qe6 28. Bd4 Ne4 29. Qd1 Bb6 30. Bxe4 dxe4 31. Bxb6 Qxb6 32. Qd5 Qa5 1/2-1/2

[Event "GER-chT U16 Girls"]
[Site "Neumuenster"]
[Date "2022.12.27"]
[Round "1"]
[White "Claussen, Daniela"]
[Black "Leuchsenring, Delia"]
[Result "0-1"]
[WhiteElo "1052"]
[BlackElo "1063"]
[PlyCount "86"]
[EventDate "2022.12.26"]
[EventType "team-swiss"]
[EventRounds "7"]
[EventCountry "GER"]
[SourceTitle "CBM 212 Extra"]
[Source "ChessBase"]
[SourceDate "2023.03.31"]
[SourceVersion "1"]
[SourceVersionDate "2023.03.31"]
[SourceQuality "1"]
[WhiteTeam "Essen Werden"]
[BlackTeam "Oberkotzau"]
[WhiteTeamCountry "GER"]
[BlackTeamCountry "GER"]

1. e3 e5 2. b3 Nc6 3. Bb2 d5 4. Bb5 Bd6 5. Bxc6+ bxc6 6. f4 Qe7 7. Nf3 Bg4 8. fxe5 Bxe5 9. Bxe5 Bxf3 10. Qxf3 Qxe5 11. d4 Qe6 12. 0-0 Nf6 13. Nd2 0-0 14. Rae1 Rfe8 15. Rf2 Rad8 16. Rfe2 Qd6 17. c3 c5 18. e4 dxe4 19. Nxe4 Nxe4 20. Rxe4 Rxe4 21. Qxe4 g6 22. Rd1 Kf8 23. Kf1 Qxh2 24. Rd3 Qd6 25. d5 Re8 26. Qh4 Kg7 27. c4 Qe5 28. Rd1 Qe2+ 29. Kg1 Qxd1+ 30. Kh2 Qh5 31. Qxh5 gxh5 32. a3 f5 33. b4 cxb4 34. axb4 Re4 35. c5 Rxb4 36. d6 cxd6 37. cxd6 a5 38. d7 Rd4 39. Kh3 a4 40. g4 a3 41. g5 a2 42. d8B Rxd8 43. Kh4 a1Q 0-1

[Event "GER-chT U14 Girls"]
[Site "Willingen"]
[Date "2021.06.26"]
[Round "5.6"]
[White "Leuchsenring, Delia"]
[Black "Bacakova, Klara"]
[Result "1-0"]
[WhiteElo "1051"]
[BlackElo "1173"]
[PlyCount "37"]
[EventDate "2021.06.23"]
[EventType "team-swiss"]
[EventRounds "7"]
[EventCountry "GER"]
[SourceTitle "EXT 2022"]
[Source "ChessBase"]
[SourceDate "2021.10.06"]
[SourceVersion "1"]
[SourceVersionDate "2021.10.06"]
[SourceQuality "1"]
[WhiteTeam "Oberkotzau"]
[BlackTeam "Leipzig SG "]
[WhiteTeamCountry "GER"]
[BlackTeamCountry "GER"]

1. e4 c5 2. c3 e6 3. d4 cxd4 4. cxd4 Nf6 5. Nc3 Bb4 6. Bd3 0-0 7. Nf3 Nc6 8. 0-0 d6 9. Re1 d5 10. e5 Nd7 11. Qc2 Qb6 12. Bxh7+ Kh8 13. a3 Be7 14. Ne2 Qb5 15. Bd3 Qa5 16. Be3 f6 17. Nh4 Kg8 18. Bh7+ Kf7 19. Qg6# 1-0

[Event "GER-chT Christmas U20 Girls"]
[Site "Playchess.com INT"]
[Date "2020.12.29"]
[Round "1.4"]
[White "Leuchsenring, Delia"]
[Black "Nanthivarman, Merymuthu"]
[Result "1-0"]
[WhiteElo "1061"]
[BlackElo "1215"]
[PlyCount "45"]
[EventDate "2020.12.29"]
[EventType "team-swiss (blitz)"]
[EventRounds "7"]
[EventCountry "GER"]
[SourceTitle "CBM 200 Extra"]
[Source "ChessBase"]
[SourceDate "2021.03.31"]
[SourceVersion "1"]
[SourceVersionDate "2021.03.31"]
[SourceQuality "1"]
[WhiteTeam "Oberkotzau"]
[BlackTeam "Baden-Baden"]
[WhiteTeamCountry "GER"]
[BlackTeamCountry "GER"]

1. e4 Nf6 2. Nc3 d5 3. exd5 Nxd5 4. Nxd5 Qxd5 5. d3 g6 6. Bf4 Qd8 7. Nf3 Bg7 8. c3 0-0 9. d4 Bf5 10. Bc4 Nd7 11. 0-0 Nb6 12. Bb3 Nd5 13. Bg3 Re8 14. Bxd5 Qxd5 15. Bxc7 Bg4 16. Bg3 e6 17. Qd3 e5 18. Ng5 Bf5 19. Qd2 Bh6 20. f4 exf4 21. Bxf4 Re7 22. b3 Rae8 23. c4 1-0

[Event "GER-chT Christmas U20 Girls"]
[Site "Playchess.com INT"]
[Date "2020.12.29"]
[Round "3.4"]
[White "Leuchsenring, Delia"]
[Black "Noennig, Lotte"]
[Result "1-0"]
[WhiteElo "1061"]
[BlackElo "768"]
[PlyCount "105"]
[EventDate "2020.12.29"]
[EventType "team-swiss (blitz)"]
[EventRounds "7"]
[EventCountry "GER"]
[SourceTitle "CBM 200 Extra"]
[Source "ChessBase"]
[SourceDate "2021.03.31"]
[SourceVersion "1"]
[SourceVersionDate "2021.03.31"]
[SourceQuality "1"]
[WhiteTeam "Oberkotzau"]
[BlackTeam "Magdeburg Schachzwerge"]
[WhiteTeamCountry "GER"]
[BlackTeamCountry "GER"]

1. e4 e5 2. Nf3 Nc6 3. d4 exd4 4. Nxd4 Nxd4 5. Qxd4 Nf6 6. Nc3 c5 7. Qe3 Ng4 8. Qf3 d6 9. Bc4 Be7 10. Qxf7+ Kd7 11. Bb5+ Kc7 12. Nd5+ Kb8 13. 0-0 Nxf2 14. Rxf2 Rf8 15. Qxg7 Rxf2 16. Kxf2 Bh4+ 17. g3 Bg5 18. Bxg5 Qa5 19. Qxh7 Bg4 20. Qg8+ Bc8 21. Bd7 a6 22. Qxc8+ Ka7 23. Qc7 Qxc7 24. Nxc7 Rf8+ 25. Ke3 Rg8 26. Bf4 Rh8 27. h4 d5 28. Nxd5 c4 29. Be5 Rd8 30. Bd4+ Ka8 31. Nc7+ Kb8 32. Nxa6+ Ka8 33. Nc7+ Kb8 34. Ne6 Rxd7 35. Rf1 Rd8 36. Nxd8 Kc7 37. Ne6+ Kd6 38. Nc5 b6 39. Rf6+ Ke7 40. Nb7 c3 41. bxc3 b5 42. Rh6 b4 43. Kf4 b3 44. cxb3 Kf7 45. Kg5 Ke7 46. Kf5 Kd7 47. Ke5 Kc7 48. Kd5 Kxb7 49. Kc5 Ka7 50. Kb5+ Kb7 51. Rh7+ Kb8 52. Kc6 Kc8 53. Rh8# 1-0

[Event "GER-chT Christmas U20 Girls"]
[Site "Playchess.com INT"]
[Date "2020.12.29"]
[Round "4.4"]
[White "Reddi, Bhuvana"]
[Black "Leuchsenring, Delia"]
[Result "1-0"]
[WhiteElo "1359"]
[BlackElo "1061"]
[PlyCount "41"]
[EventDate "2020.12.29"]
[EventType "team-swiss (blitz)"]
[EventRounds "7"]
[EventCountry "GER"]
[SourceTitle "CBM 200 Extra"]
[Source "ChessBase"]
[SourceDate "2021.03.31"]
[SourceVersion "1"]
[SourceVersionDate "2021.03.31"]
[SourceQuality "1"]
[WhiteTeam "Weisse Dame"]
[BlackTeam "Oberkotzau"]
[WhiteTeamCountry "GER"]
[BlackTeamCountry "GER"]

1. e4 e5 2. Nc3 Nf6 3. f4 exf4 4. e5 Ng8 5. Nf3 Nc6 6. d4 d5 7. Bxf4 Be6 8. Bd3 Bb4 9. 0-0 Nge7 10. Be3 0-0 11. Ng5 f5 12. Qh5 h6 13. Nf3 Bd7 14. Bxh6 gxh6 15. Qxh6 Nc8 16. Nh4 Be7 17. Ng6 Kf7 18. Nxf8 Bxf8 19. Qh5+ Ke6 20. Qxf5+ Ke7 21. Qf7# 1-0